000 00260nam a22001337a 4500
082 _a823
_bKAR/H
100 _aKARNAD, GIRISH
245 _aHANUMAN, THE MIGHTY
250 _a6
260 _c2008
300 _a21
650 _aENGLISH SHORT STORY
942 _cBK
999 _c3314
_d3314